|
|
|
แสดงรายละเอียดบรรณานุกรม |
|
|
Brief Record
: Get Marc (ISO 2709)
: E-mail record
: |
| LEADER : 00000nam 2200000uu 4500 | |||
| 001 13399129205 | |||
| 003 ULIB | |||
| 008 260511s2568||||th 000 0 tha d | |||
| 020 ^a9786161874070 | |||
| 060 0 ^aWT120^bย731ค | |||
| 100 1 ^aโยะเนะยะมะ, โยะชิโกะ. | |||
| 245 1 ^aคู่มือดูแลผู้สูงอายุและผู้ป่วยติดเตียง /^cโยะเนะยะมะ โยะชิโกะ, ที่ปรึกษา ; กาญจนี สวยสมพล, แปล. | |||
| 246 3 ^aCho zukai yasashii kaigo no kotsu | |||
| 250 ^aพิมพ์ครั้งที่ 4. | |||
| 260 ^aกรุงเทพฯ :^bฮาวทู,^c2568. | |||
| 300 ^a220 หน้า :^bภาพประกอบ ;^c24 ซม. | |||
| 505 2 ^aความรู้เบื้องต้นในการดูแลผู้สูงอายุ -- เทคนิคการดูแลผู้สูงอายุเบื้องต้น -- การพลิกตัว -- การลุกนั่ง -- การลุกยืน -- การนั่ง -- การช่วยเหลือผู้สูงอายุนั่งรถเข็น -- การเดิน -- การรับประทานอาหาร -- การอาบน้ำ -- การเปลี่ยนเสื้อผ้า -- การขับถ่าย -- วิธีรับมือเมื่อเกิดเหตุฉุกเฉิน -- วิธีการดูแลตัวเองของผู้ดูแล. | |||
| 505 2 ^aบทที่ 1 ความรู้เบื้องต้นในการดูแลผู้สูงอายุ -- บทที่ 2 เทคนิคการดูแลผู้สูงอายุเบื้องต้น -- บทที่ 3 การพลิกตัว -- บทที่4 การลุกนั่ง -- บทที่ 5 การลุกยืน -- บทที่ 6 การนั่ง -- บทที่ 7 การช่วยเหลือผู้สูงอายุนั่งรถเข็น -- บทที่ 8 การเดิน -- บทที่ 9 การรับประทานอาหาร -- บทที่ 10 การอาบน้ำ -- บทที่ 11 การเปลี่ยนเสื้อผ้า -- บทที่ 12 การขับถ่าย -- บทที่ 13 วิธีรับมือเมื่อเกิดเหตุฉุกเฉิน -- บทที่ 14 วิธีการดูแลตัวเองของผู้ดูแล. | |||
| 610 4 ^aการพยาบาลผู้ใหญ่และผู้สูงอายุ. | |||
| 650 4 ^aกายภาพบำบัดสำหรับผู้สูงอายุ. | |||
| 650 4 ^aการดูแลผู้ป่วยติดเตียง | |||
| 650 4 ^aการดูแลผู้สูงอายุ | |||
| 650 4 ^aผู้ป่วย^xการดูแล | |||
| 650 4 ^aผู้ป่วยติดเตียง^xการพยาบาล | |||
| 650 4 ^aผู้สูงอายุ | |||
| 650 4 ^aผู้สูงอายุ^xการดูแล | |||
| 653 ^aSDG3. | |||
| 653 ^aSDGs. | |||
| 655 4 ^aHealth Sciences Branch. | |||
| 700 0 ^aกาญจนี สวยสมพล^eผู้แปล. | |||
| 700 1 ^aYoneyama, Yoshiko. | |||
| 999 ^aประนอม เกษจรัล | |||
| คุณยังไม่ได้ล็อกอิน คุณสามารถมีกิจกรรมร่วมกับเว็บไซต์ได้ แต่ต้องล็อกอินก่อน :: |
|
รายการสื่อสารสนเทศ |
| สถานะ | |||||
| 1. | วิทยาศาสตร์การแพทย์ และสุขภาพ | WT120 ย731ค ฉ.1 Barcode: 012158 | ►หนังสือทั่วไป | บนชั้น *เพิ่งรับคืน | |
| 2. | วิทยาศาสตร์การแพทย์ และสุขภาพ | WT120 ย731ค ฉ.2 Barcode: 012159 | ►หนังสือทั่วไป | บนชั้น *เพิ่งรับคืน | |
| 3. | วิทยาศาสตร์การแพทย์ และสุขภาพ | WT120 ย731ค ฉ.3 Barcode: 012160 | ►หนังสือทั่วไป | บนชั้น *เพิ่งรับคืน | |
| 4. | วิทยาศาสตร์การแพทย์ และสุขภาพ | WT120 ย731ค ฉ.4 Barcode: 012161 | ►หนังสือทั่วไป | บนชั้น *เพิ่งรับคืน | |
| 5. | วิทยาศาสตร์การแพทย์ และสุขภาพ | WT120 ย731ค ฉ.5 Barcode: 012162 | ►หนังสือทั่วไป | บนชั้น *เพิ่งรับคืน | |
| รายการใกล้เคียง หัวเรื่อง [การดูแลผู้ป่วยติดเตียง]
หัวเรื่อง [ผู้สูงอายุ]
|
BibComment |
| คอมเมนท์ทรัพยากรรายการนี้ |
|
| |
Copyright 2026. Bcnsprnw @Library |
|